|
|
|
|
| LEADER |
00607nam a2200205 4500 |
| 020 |
|
|
|a 978-81-321-1018-7
|
| 082 |
|
|
|a 658.4092
|b GLE/C
|
| 100 |
|
|
|a Glenne Rowe W
|
| 245 |
|
|
|a Cases in leadership
|
| 250 |
|
|
|a 3rd.
|
| 260 |
|
|
|a New Delhi
|b Sage
|c 2013
|
| 300 |
|
|
|a 512p.
|
| 650 |
|
|
|a Leadership Casa Studies
|
| 650 |
|
|
|a Executive Management
|
| 650 |
|
|
|a Management
|
| 650 |
|
|
|a Applied Science
|
| 700 |
|
|
|a Laura Guerrero
|
| 942 |
|
|
|c BK
|
| 999 |
|
|
|c 54046
|d 54046
|
| 952 |
|
|
|0 0
|1 0
|4 0
|6 658_409200000000000_GLE_C
|7 0
|9 77837
|a SSUS
|b SSUS
|c STACKS
|d 2015-06-19
|g 550.00
|o 658.4092 GLE/C
|p 076569
|r 2015-06-19
|w 2015-06-19
|y BK
|